Mga seminar sa bagong buhay sa espiritu (Record no. 59247)
[ view plain ]
| 000 -LEADER | |
|---|---|
| fixed length control field | 00488nam a22001577a 4500 |
| 005 - DATE AND TIME OF LATEST TRANSACTION | |
| control field | 20221107153629.0 |
| 040 ## - CATALOGING SOURCE | |
| Transcribing agency | urs |
| 050 ## - LIBRARY OF CONGRESS CALL NUMBER | |
| Classification number | BT 590 S65 M43 1979 |
| 245 ## - TITLE STATEMENT | |
| Title | Mga seminar sa bagong buhay sa espiritu |
| Remainder of title | manwal na papangkat |
| Statement of responsibility, etc | isinalin sa Pilipino ni Linda Z. De Lara |
| 336 ## - CONTENT TYPE | |
| Source | rdacontent |
| Content type term | text |
| Content type code | txt |
| 337 ## - MEDIA TYPE | |
| Source | rdamedia |
| Media type term | unmediated |
| Media type code | n |
| 338 ## - CARRIER TYPE | |
| Source | rdacarrier |
| Carrier type term | volume |
| Carrier type code | nc |
| 650 #0 - SUBJECT ADDED ENTRY--TOPICAL TERM | |
| 9 (RLIN) | 2886 |
| Topical term or geographic name as entry element | Spiritual life |
| 700 ## - ADDED ENTRY--PERSONAL NAME | |
| 9 (RLIN) | 2887 |
| Personal name | De Lara, Linda Z. |
| Relator term | translator |
| 942 ## - ADDED ENTRY ELEMENTS (KOHA) | |
| Source of classification or shelving scheme | Library of Congress Classification |
| Koha item type | Filipiniana |
| Withdrawn status | Lost status | Source of classification or shelving scheme | Damaged status | Not for loan | Home library | Current library | Shelving location | Date acquired | Total Checkouts | Full call number | Barcode | Date last seen | Price effective from | Koha item type |
|---|---|---|---|---|---|---|---|---|---|---|---|---|---|---|
| Library of Congress Classification | Binangonan College Library | Binangonan College Library | Filipiniana Section | 11/07/2022 | BT 590 S65 M43 1979 | URSBIN-3621 | 11/07/2022 | 11/07/2022 | Filipiniana |